Geoestrategia para la integración regional

Bewaard in:
Bibliografische gegevens
Hoofdauteur: Boscovich, Nicolás (Auteur)
Formaat: Boek
Taal:Spaans
Gepubliceerd in: Buenos Aires Ciudad Argentina 1999
Onderwerpen:
Tags: Voeg label toe
Geen labels, Wees de eerste die dit record labelt!

MARC

LEADER 00000nam a2200000 a 4500
001 UCG0807
003 CL-VaPUC
008 100408e19990000AG |||||||||||||||||spa|d
020 |a 9789875071811 
082 0 4 |a 338.982  |b BOS  |2 21 
100 0 |a Boscovich, Nicolás  |e author  |9 548388 
245 1 0 |a Geoestrategia para la integración regional 
300 |a 404 p 
942 |c BK 
945 |d 20100408 00:00:00  |a rbrito 
260 |a Buenos Aires  |b Ciudad Argentina  |c 1999 
650 0 |a Integración económica  |9 255024 
650 0 |a Desarrollo económico  |9 259599 
650 0 |a Integración regional  |9 376371 
651 0 |a Argentina  |9 254888 
583 |a last modification  |c 20130620 05:01:57  |k Rodrigo Vera 
999 |c 340330  |d 340328 
952 |0 0  |1 0  |4 0  |6 338_982000000000000_BOS_1999  |7 0  |8 A  |9 434939  |a BIBING  |b BIBING  |d 2019-11-22  |i 4658698  |o 338.982 BOS 1999  |p 4658698  |r 2025-01-20  |w 2019-11-22  |y BK  |k GEO